Heist = Un plan perfecto
Al jefe de una banda de atracadores de joyerías Joe Moore, un mafioso amigo suyo le encarga un gran golpe a una joyería. A pesar de su larga amistad, el mafioso envía a su sobrino para supervisar el plan, que ha sido meticulosamente preparado, y para evitar que alguien se escape con el botín.
Saved in:
| Corporate Authors: | , |
|---|---|
| Other Authors: | , , , , , , |
| Format: | DVD |
| Language: | English Spanish Portuguese |
| Published: |
[San Pablo] :
Videolar,
c2003.
|
| Subjects: |
| LEADER | 02524ngm a2200445 a 4500 | ||
|---|---|---|---|
| 003 | AR-BeUNQ | ||
| 005 | 20190815113721.0 | ||
| 007 | vd cvaizq | ||
| 008 | 180807s2003 bl 109 e vleng d | ||
| 999 | |c 30310 |d 114110 | ||
| 040 | |a AR-BeUNQ |b spa |e aacr | ||
| 041 | 1 | |a eng |a spa |a por |h eng | |
| 082 | 0 | 4 | |2 21 |a 791.43 |
| 245 | 0 | 0 | |a Heist = |b Un plan perfecto |h [videograbación] / |c written and directed by David Mamet ; produced by Art Linson, Elie Samaha, Andrew Stevens ; Morgan Creek Productions and Franchise Pictures present. |
| 246 | 3 | 1 | |a Un plan perfecto |
| 260 | |a [San Pablo] : |b Videolar, |c c2003. | ||
| 300 | |a 1 DVD (109 min.) : |b son., col. ; |c 4 3/4 plg. | ||
| 500 | |a Edición en DVD de la película de 2001. | ||
| 500 | |a Thriller. | ||
| 501 | |a Theatrical trailer | ||
| 508 | |a Producción ejecutiva, Don Carmody, Tracee Stanley, James Holt; fotografía, Robert Elswit; diseño de producción, David Wasco; edición, Barbara Tulliver; música, Theodore Shapiro; vestuario, Renée April; co-producción, Cas Donovan, Scott Ferguson; casting, Avy Kaufman. | ||
| 511 | 1 | |a Gene Hackman (Joe Moore), Danny DeVito (Mickey Bergman), Delroy Lindo (Bobby 'Bob' Blane), Sam Rockwell (Jimmy Silk), Rebecca Pidgeon (Fran Moore), Ricky Jay (Don 'Pinky' Pincus), Patti LuPone (Betty Croft). | |
| 520 | 3 | |a Al jefe de una banda de atracadores de joyerías Joe Moore, un mafioso amigo suyo le encarga un gran golpe a una joyería. A pesar de su larga amistad, el mafioso envía a su sobrino para supervisar el plan, que ha sido meticulosamente preparado, y para evitar que alguien se escape con el botín. | |
| 521 | |a "Apta para mayores de 18 años". | ||
| 538 | |a DVD zona 4; sonido Dolby surround 5.1; pantalla widescreen. | ||
| 546 | |a Hablada en inglés, en español y en portugués. Subtitulada en inglés, en español y en portugués. | ||
| 650 | 7 | |a Películas (cinematografía) |2 spines | |
| 650 | 7 | |a Crímenes |2 spines | |
| 653 | |a Thriller | ||
| 700 | 1 | |a Mamet, David, |e director |4 drt | |
| 700 | 1 | |a Linson, Art |e productor |4 pro |9 825 |d 1942- | |
| 700 | 1 | |a Samaha, Elie, |e productora |4 pro | |
| 700 | 1 | |a Stevens, Andrew, |e productor |4 pro | |
| 700 | 1 | |a Hackman, Gene, |e actor |4 act |9 1507 |d 1930- | |
| 700 | 1 | |a DeVito, Danny |e actor |4 act |9 1429 |d 1944- | |
| 700 | 1 | |a Lindo, Delroy, |e actor |4 act | |
| 710 | 2 | |a Morgan Creek Productions, |e prod. | |
| 710 | 2 | |a Franchise Pictures, |e prod. | |
| 929 | |a DONACION |b Juan Manuel Hoffman |d 250,00 |e 20161103 |f PAT0064957 |g 3108 Exp. 827-0387/98 |j 57317 | ||
| 942 | |c DVD |n 0 | ||